Normal view
MARC view
Entry Topical Term
001 - CONTROL NUMBER
- control field: 1069046
003 - CONTROL NUMBER IDENTIFIER
- control field:
005 - DATE AND TIME OF LATEST TRANSACTION
- control field: 20210627164534.0
008 - FIXED-LENGTH DATA ELEMENTS
- fixed length control field: 210627|| aca||aabn | a|a d
040 ## - CATALOGING SOURCE
- Original cataloging agency:
- Transcribing agency:
150 ## - HEADING--TOPICAL TERM
- Topical term or geographic name entry element: Gems
- General subdivision: Miscellanea
670 ## - SOURCE DATA FOUND
- Source citation: Work cat.: ()1045722: Bratley, Geo. H. (George H.) 1069045, The power of gems and charms /, 1988
